Building services handbook / (Record no. 7608)

000 -LEADER
fixed length control field 01027cam a2200229 i 4500
003 - CONTROL NUMBER IDENTIFIER
control field OSt
005 - DATE AND TIME OF LATEST TRANSACTION
control field 20200316170310.0
008 - FIXED-LENGTH DATA ELEMENTS--GENERAL INFORMATION
fixed length control field 180905s2017 enka f 001 0 eng
020 ## - INTERNATIONAL STANDARD BOOK NUMBER
International Standard Book Number 9781138244351 (pbk)
040 ## - CATALOGING SOURCE
Original cataloging agency DLC
Language of cataloging eng
Description conventions rda
Transcribing agency DLC
Modifying agency DLC
100 1# - MAIN ENTRY--PERSONAL NAME
Personal name Hall, F.
Fuller form of name (Fred),
Relator term author.
245 10 - TITLE STATEMENT
Title Building services handbook /
Statement of responsibility, etc Fred Hall and Roger Greeno.
250 ## - EDITION STATEMENT
Edition statement Ninth edition.
300 ## - PHYSICAL DESCRIPTION
Extent xiv, 786 pages :
Other physical details illustrations ;
Dimensions 24 cm
500 ## - GENERAL NOTE
General note Previous edition: published as by Fred Hall and Roger Greeno. 2015.
500 ## - GENERAL NOTE
General note Includes index.
520 8# - SUMMARY, ETC.
Summary, etc This handbook summarises in diagrams and brief explanations all elements of building services. It is a reference for professionals and students on advanced vocational courses and has been updated in line with the latest revised Building Regulations.
650 #0 - SUBJECT ADDED ENTRY--TOPICAL TERM
Topical term or geographic name as entry element Building
Form subdivision Handbooks, manuals, etc.
650 #0 - SUBJECT ADDED ENTRY--TOPICAL TERM
Topical term or geographic name as entry element Buildings
General subdivision Environmental engineering.
650 #0 - SUBJECT ADDED ENTRY--TOPICAL TERM
Topical term or geographic name as entry element Buildings
General subdivision Mechanical equipment
-- Installation
Form subdivision Handbooks, manuals, etc.
942 ## - ADDED ENTRY ELEMENTS (KOHA)
Source of classification or shelving scheme
Holdings
Withdrawn status Lost status Source of classification or shelving scheme Damaged status Koha normalized classification for sorting Not for loan Permanent location Current location Date acquired Total Checkouts Full call number Barcode Date last seen Date last borrowed Price effective from Koha item type
        696_000000000000000_HAL   BMS College of Architecture, Design and Planning BMS College of Architecture, Design and Planning 2020-03-16 1 696 HAL AR-PG222 2023-04-10 2023-04-03 2020-03-16 PG Books
Copyright © 2025, The Librarian, Library and Information Centre, BMSCA D&P, Bengaluru. All Rights Reserved
web counter

Powered by Koha